Ornamentation and illustrations from the Kelmscott Chaucer

Salvato in:
Dettagli Bibliografici
Autore principale: Morris, William (Autore)
Natura: Libro
Lingua:inglese
Pubblicazione: Nueva York Dover 1973
Serie:Dover Pictorial Archive Series
Soggetti:
Tags: Aggiungi Tag
Nessun Tag, puoi essere il primo ad aggiungerne!!

MARC

LEADER 00000nam a2200000 a 4500
001 UCT0895
003 CL-VaPUC
005 20240729130957.0
008 960913e19730000US |||||||||||||||||eng|d
999 |c 251583  |d 251581 
040 |c Pontificia Universidad Católica de Valparaíso 
082 0 4 |a 745.67  |b MOR  |2 21 
100 |a Morris, William  |e author  |9 868829 
245 1 0 |a Ornamentation and illustrations from the Kelmscott Chaucer 
260 |a Nueva York  |b Dover  |c 1973 
300 |a 112 p 
490 0 |a Dover Pictorial Archive Series 
583 |a last modification  |c 19960913 00:00:00  |k Rodrigo Vera 
650 7 |a ORNAMENTACION  |2 CL-VaPUC  |9 369470 
650 0 |a Ilustración   |9 313124 
650 7 |a ESTILOS DE LETRAS  |2 CL-VaPUC  |9 369471 
650 7 |a LETRAS ORNAMENTALES  |2 CL-VaPUC  |9 369472 
650 0 |a Artes gráficas  |9 265865 
942 |c BK  |2 ddc 
945 |d 19960913 00:00:00  |a nastorga 
952 |0 0  |1 0  |4 0  |6 745_670000000000000_MOR_1973  |7 0  |8 A  |9 270855  |a BIBARQ  |b BIBARQ  |d 2019-11-19  |i 323035K  |o 745.67 MOR 1973  |p 323035K  |r 2025-01-20  |w 2019-11-19  |y BK  |k ARQ 
952 |0 0  |1 0  |4 0  |6 745_670000000000000_MOR_1973  |7 0  |8 R  |9 270856  |a BIBART  |b BIBART  |d 2019-11-19  |i 1205730  |l 1  |o 745.67 MOR 1973  |p 1205730  |r 2025-03-13  |s 2022-04-11  |w 2019-11-19  |y BK_R  |k ART